| 000 | 00983nam a2200289 4500 | ||
|---|---|---|---|
| 001 | 98165 | ||
| 003 | ES-MaACL | ||
| 005 | 20250815004923.0 | ||
| 007 | t| | ||
| 008 | 050726s1971 sp ao |||| | spa d | ||
| 080 | _a930.9"1939/1950"(084) | ||
| 080 | _a930.85"1939/1950"(084) | ||
| 245 | 0 | 0 |
_a1939-1950 _b: Años de penitencia / _ctextos, Juan Marsé ; prólogo, J. Mª Carandell. |
| 246 | 3 |
_aAños de penitencia _b: 1939-1950 |
|
| 250 | _a1ª ed. | ||
| 260 |
_aBarcelona : _bDifusora Internacional, _c1971. |
||
| 300 |
_a344 p., [4] p.. : _bil. col. y n., fot. ; _c30 cm. |
||
| 490 | 1 | _aImágenes y recuerdos | |
| 500 | _aÍndice. | ||
| 650 | 0 | 4 |
_aHistoria contemporánea- _yS.XX _913396 |
| 650 | 0 | 4 |
_aHistoria contemporánea- _yS.XX- _vObras ilustradas. _913399 |
| 700 | 1 |
_aMarsé, Juan, _d1933-2020 _977117 |
|
| 700 | 1 |
_aCarandell, José María. _934957 |
|
| 830 | 0 |
_aImágenes y recuerdos _9184461 |
|
| 852 | 4 |
_aES-MaACL _jC-42185 |
|
| 999 |
_c98165 _d98165 |
||